Option Valuation Under Stochastic Volatility With Mathematica Code
Saved in:
| Main Author: | |
|---|---|
| Format: | Book |
| Language: | English |
| Published: |
Newport Beach
Finance Press
2005
|
| Edition: | 2nd Printing |
| Subjects: | |
| Tags: |
No Tags, Be the first to tag this record!
|
MARC
| LEADER | 00000nam a2200000 4500 | ||
|---|---|---|---|
| 001 | 0304846 | ||
| 005 | 20250402144931.2 | ||
| 020 | |a 0-9676372-0-1 | ||
| 041 | 0 | |a eng | |
| 044 | |a US | ||
| 245 | 1 | 0 | |a Option Valuation Under Stochastic Volatility |b With Mathematica Code |c Alan L. Lewis |
| 250 | |a 2nd Printing | ||
| 264 | 1 | |a Newport Beach |b Finance Press |c 2005 | |
| 300 | |a 350 s. | ||
| 610 | 2 | 0 | |a oceňovanie |
| 610 | 2 | 0 | |a volatilita |
| 610 | 2 | 0 | |a modely matematické |
| 100 | 1 | |a Lewis, Alan L. | |